[Event "2024 US National High School (K-12) Championship"]
[Site "Baltimore, Maryland, United States"]
[Date "2024.04.06"]
[Round "5.16"]
[White "Gu, Minghao"]
[Black "Padhye, Rohan"]
[Result "0-1"]
[TimeControl "G/90; d10"]
[WhiteFideId "30964725"]
[BlackFideId "30946034"]
[WhiteElo "2088"]
[BlackElo "2321"]

1. d4 {[%clk 01:30:00]} {[%emt 00:00:06]} d5 {[%clk 01:30:00]} {[%emt
00:00:13]} 2. c4 {[%clk 01:29:54]} {[%emt 00:00:27]} e6 {[%clk 01:30:00]}
{[%emt 00:00:03]} 3. Nc3 {[%clk 01:29:54]} {[%emt 00:00:03]} h6 {[%clk
01:30:00]} 4. Bf4 {[%clk 01:27:14]} {[%emt 00:02:35]} Bd6 {[%clk 01:29:56]}
{[%emt 00:00:15]} 5. Bxd6 {[%clk 01:26:31]} {[%emt 00:00:53]} Qxd6 {[%clk
01:29:56]} {[%emt 00:00:07]} 6. e3 {[%clk 01:25:21]} {[%emt 00:01:19]} Nf6
{[%clk 01:29:43]} {[%emt 00:00:23]} 7. Nf3 {[%clk 01:24:10]} {[%emt 00:01:21]}
O-O {[%clk 01:29:42]} {[%emt 00:00:11]} 8. Be2 {[%clk 01:22:21]} {[%emt
00:02:00]} dxc4 {[%clk 01:25:31]} {[%emt 00:04:22]} 9. Bxc4 {[%clk 01:20:43]}
{[%emt 00:01:46]} c5 {[%clk 01:25:25]} {[%emt 00:00:17]} 10. O-O {[%clk
01:19:06]} {[%emt 00:01:47]} Nc6 {[%clk 01:25:05]} {[%emt 00:00:30]} 11. dxc5
{[%clk 01:15:47]} {[%emt 00:03:28]} Qxc5 {[%clk 01:25:05]} {[%emt 00:00:10]} 12.
Be2 {[%clk 01:14:55]} {[%emt 00:01:01]} Rd8 {[%clk 01:20:35]} {[%emt 00:04:41]}
13. Qb3 {[%clk 01:10:43]} {[%emt 00:04:22]} b6 {[%clk 01:14:50]} {[%emt
00:05:55]} 14. Qb5 {[%clk 01:07:49]} {[%emt 00:03:02]} Qxb5 {[%clk 01:14:42]}
{[%emt 00:00:18]} 15. Bxb5 {[%clk 01:07:49]} {[%emt 00:00:07]} Bb7 {[%clk
01:14:30]} {[%emt 00:00:23]} 16. Rfd1 {[%clk 01:06:25]} {[%emt 00:01:34]} Kf8
{[%clk 01:11:13]} {[%emt 00:03:27]} 17. Kf1 {[%clk 01:03:48]} {[%emt 00:02:46]}
Ke7 {[%clk 01:09:44]} {[%emt 00:01:39]} 18. Rxd8 {[%clk 00:59:11]} {[%emt
00:04:48]} Rxd8 {[%clk 01:09:44]} {[%emt 00:00:03]} 19. Rd1 {[%clk 00:58:55]}
{[%emt 00:00:25]} Rxd1+ {[%clk 01:08:27]} {[%emt 00:01:28]} 20. Nxd1 {[%clk
00:58:55]} {[%emt 00:00:05]} Ne4 {[%clk 01:08:25]} {[%emt 00:00:11]} 21. Ke2
{[%clk 00:55:45]} {[%emt 00:03:20]} g5 {[%clk 01:05:38]} {[%emt 00:02:57]} 22.
h3 {[%clk 00:52:38]} {[%emt 00:03:17]} Nd6 {[%clk 01:01:41]} {[%emt 00:04:07]}
23. Bd3 {[%clk 00:50:59]} {[%emt 00:01:49]} Nb4 {[%clk 01:01:34]} {[%emt
00:00:17]} 24. Nc3 {[%clk 00:44:42]} {[%emt 00:06:28]} Nxd3 {[%clk 01:01:30]}
{[%emt 00:00:14]} 25. Kxd3 {[%clk 00:44:42]} {[%emt 00:00:06]} Ba6+ {[%clk
01:01:29]} {[%emt 00:00:12]} 26. Kc2 {[%clk 00:44:23]} {[%emt 00:00:27]} Bf1
{[%clk 01:01:06]} {[%emt 00:00:33]} 27. Ne1 {[%clk 00:41:06]} {[%emt 00:03:28]}
Nf5 {[%clk 01:00:49]} {[%emt 00:00:27]} 28. Ne4 {[%clk 00:32:41]} {[%emt
00:08:34]} Nh4 {[%clk 01:00:39]} {[%emt 00:00:20]} 29. g3 {[%clk 00:30:31]}
{[%emt 00:02:21]} Ng6 {[%clk 00:59:44]} {[%emt 00:01:04]} 30. h4 {[%clk
00:29:45]} {[%emt 00:00:57]} gxh4 {[%clk 00:59:36]} {[%emt 00:00:18]} 31. gxh4
{[%clk 00:29:34]} {[%emt 00:00:21]} Nxh4 {[%clk 00:59:36]} {[%emt 00:00:07]} 32.
Ng3 {[%clk 00:29:34]} {[%emt 00:00:08]} Ba6 {[%clk 00:58:43]} {[%emt 00:01:03]}
33. e4 {[%clk 00:28:09]} {[%emt 00:01:35]} f5 {[%clk 00:57:50]} {[%emt
00:01:03]} 34. exf5 {[%clk 00:26:52]} {[%emt 00:01:28]} Nxf5 {[%clk 00:57:50]}
{[%emt 00:00:08]} 35. Nxf5+ {[%clk 00:26:13]} {[%emt 00:00:49]} exf5 {[%clk
00:57:50]} {[%emt 00:00:01]} 36. Kd2 {[%clk 00:25:35]} {[%emt 00:00:48]} Bb7
{[%clk 00:46:25]} {[%emt 00:11:35]} 37. Ke3 {[%clk 00:24:33]} {[%emt 00:01:12]}
Ke6 {[%clk 00:46:20]} {[%emt 00:00:15]} 38. Nd3 {[%clk 00:22:05]} {[%emt
00:02:37]} Be4 {[%clk 00:45:40]} {[%emt 00:00:50]} 39. Nf4+ {[%clk 00:21:16]}
{[%emt 00:01:00]} Ke5 {[%clk 00:44:01]} {[%emt 00:01:50]} 40. Ne2 {[%clk
00:21:07]} {[%emt 00:00:18]} Bd5 {[%clk 00:39:49]} {[%emt 00:04:22]} 41. a3
{[%clk 00:19:31]} {[%emt 00:01:46]} Bc6 {[%clk 00:35:01]} {[%emt 00:04:58]} 42.
f4+ {[%clk 00:19:21]} {[%emt 00:00:20]} Kd5 {[%clk 00:34:19]} {[%emt 00:00:51]}
43. b3 {[%clk 00:18:00]} {[%emt 00:01:31]} h5 {[%clk 00:29:26]} {[%emt
00:05:03]} 44. Ng3 {[%clk 00:15:58]} {[%emt 00:02:13]} h4 {[%clk 00:28:57]}
{[%emt 00:00:39]} 45. Nxf5 {[%clk 00:15:55]} {[%emt 00:00:12]} h3 {[%clk
00:28:57]} {[%emt 00:00:09]} 46. Ne7+ {[%clk 00:14:13]} {[%emt 00:01:52]} Kd6
{[%clk 00:28:53]} {[%emt 00:00:15]} 47. Nf5+ {[%clk 00:11:43]} {[%emt
00:02:40]} Kd7 {[%clk 00:28:24]} {[%emt 00:00:39]} 48. Ng3 {[%clk 00:10:30]}
{[%emt 00:01:23]} h2 {[%clk 00:28:24]} {[%emt 00:00:06]} 49. Kd4 {[%clk
00:09:59]} {[%emt 00:00:40]} h1=Q {[%clk 00:26:38]} {[%emt 00:01:56]} 50. Nxh1
{[%clk 00:09:59]} {[%emt 00:00:04]} Bxh1 {[%clk 00:26:38]} {[%emt 00:00:09]} 51.
f5 {[%clk 00:07:27]} {[%emt 00:02:42]} Kc6 {[%clk 00:22:24]} {[%emt 00:04:24]}
52. b4 {[%clk 00:06:15]} {[%emt 00:01:23]} Kd6 {[%clk 00:20:45]} {[%emt
00:01:48]} 53. a4 {[%clk 00:04:21]} {[%emt 00:02:05]} a6 {[%clk 00:20:24]}
{[%emt 00:00:31]} 54. a5 {[%clk 00:03:30]} {[%emt 00:01:01]} b5 {[%clk
00:20:22]} {[%emt 00:00:12]} 0-1

[Event "2024 US National High School (K-12) Championship"]
[Site "Baltimore, Maryland, United States"]
[Date "2024.04.06"]
[Round "5.17"]
[White "Kaplan, Avi Harrison"]
[Black "Saxena, Vihaan"]
[Result "1-0"]
[TimeControl "G/90; d10"]
[WhiteFideId "30934559"]
[BlackFideId "30997780"]
[WhiteElo "2319"]
[BlackElo "2068"]

1. Nf3 {[%clk 01:30:00]} {[%emt 00:00:06]} d5 {[%clk 01:30:00]} {[%emt
00:00:21]} 2. b3 {[%clk 01:30:00]} {[%emt 00:00:07]} Nf6 {[%clk 01:30:00]}
{[%emt 00:00:08]} 3. Bb2 {[%clk 01:30:00]} {[%emt 00:00:06]} Bf5 {[%clk
01:30:00]} {[%emt 00:00:05]} 4. d3 {[%clk 01:30:00]} {[%emt 00:00:02]} c5
{[%clk 01:29:31]} {[%emt 00:00:28]} 5. Nbd2 {[%clk 01:28:39]} {[%emt 00:01:30]}
Nc6 {[%clk 01:29:27]} {[%emt 00:00:14]} 6. g3 {[%clk 01:28:06]} {[%emt
00:00:44]} Qd7 {[%clk 01:29:13]} {[%emt 00:00:21]} 7. h3 {[%clk 01:25:15]}
{[%emt 00:03:04]} O-O-O {[%clk 01:26:29]} {[%emt 00:02:53]} 8. Bg2 {[%clk
01:21:38]} {[%emt 00:03:47]} h6 {[%clk 01:21:42]} {[%emt 00:04:57]} 9. a3
{[%clk 01:20:00]} {[%emt 00:01:50]} Qc7 {[%clk 01:17:48]} {[%emt 00:04:04]} 10.
c4 {[%clk 01:15:42]} {[%emt 00:04:27]} d4 {[%clk 01:11:44]} {[%emt 00:06:13]}
11. b4 {[%clk 01:14:10]} {[%emt 00:01:44]} e5 {[%clk 01:11:01]} {[%emt
00:00:52]} 12. O-O {[%clk 01:13:57]} {[%emt 00:00:23]} cxb4 {[%clk 00:51:43]}
{[%emt 00:19:28]} 13. axb4 {[%clk 01:13:39]} {[%emt 00:00:25]} Bxb4 {[%clk
00:51:20]} {[%emt 00:00:36]} 14. Ne1 {[%clk 01:09:46]} {[%emt 00:04:03]} Bxd2
{[%clk 00:45:11]} {[%emt 00:06:20]} 15. Qxd2 {[%clk 01:09:43]} {[%emt
00:00:12]} e4 {[%clk 00:45:02]} {[%emt 00:00:18]} 16. Nc2 {[%clk 01:06:41]}
{[%emt 00:03:13]} exd3 {[%clk 00:41:44]} {[%emt 00:03:28]} 17. exd3 {[%clk
01:06:17]} {[%emt 00:00:34]} a6 {[%clk 00:36:31]} {[%emt 00:05:22]} 18. Rfb1
{[%clk 01:01:46]} {[%emt 00:04:41]} Rd7 {[%clk 00:30:57]} {[%emt 00:05:44]} 19.
Ra3 {[%clk 00:59:37]} {[%emt 00:02:19]} Rhd8 {[%clk 00:25:45]} {[%emt
00:05:22]} 20. Bc1 {[%clk 00:53:08]} {[%emt 00:06:39]} Re7 {[%clk 00:20:54]}
{[%emt 00:05:00]} 21. Nb4 {[%clk 00:50:42]} {[%emt 00:02:37]} Ne5 {[%clk
00:14:22]} {[%emt 00:06:41]} 22. Qf4 {[%clk 00:45:23]} {[%emt 00:05:29]} Bd7
{[%clk 00:12:53]} {[%emt 00:01:39]} 23. Rab3 {[%clk 00:33:49]} {[%emt
00:11:45]} Bc6 {[%clk 00:10:26]} {[%emt 00:02:35]} 24. Nxc6 {[%clk 00:30:54]}
{[%emt 00:03:06]} Nxc6 {[%clk 00:09:19]} {[%emt 00:01:18]} 25. Qf5+ {[%clk
00:30:54]} {[%emt 00:00:01]} Qd7 {[%clk 00:08:21]} {[%emt 00:01:07]} 26. Qxd7+
{[%clk 00:28:22]} {[%emt 00:02:44]} Nxd7 {[%clk 00:08:21]} {[%emt 00:00:07]} 27.
Ba3 {[%clk 00:28:22]} {[%emt 00:00:06]} Re6 {[%clk 00:06:43]} {[%emt 00:01:48]}
28. Rxb7 {[%clk 00:27:46]} {[%emt 00:00:47]} Ndb8 {[%clk 00:06:43]} {[%emt
00:00:07]} 29. Rxf7 {[%clk 00:27:07]} {[%emt 00:00:49]} Rd7 {[%clk 00:06:22]}
{[%emt 00:00:30]} 30. Rf8+ {[%clk 00:25:42]} {[%emt 00:01:35]} Rd8 {[%clk
00:05:24]} {[%emt 00:01:09]} 31. Rf7 {[%clk 00:25:01]} {[%emt 00:00:51]} Rd7
{[%clk 00:05:20]} {[%emt 00:00:13]} 32. Bd5 {[%clk 00:25:01]} {[%emt 00:00:02]}
Re8 {[%clk 00:03:51]} {[%emt 00:01:38]} 33. Rxd7 {[%clk 00:24:46]} {[%emt
00:00:26]} Kxd7 {[%clk 00:03:37]} {[%emt 00:00:23]} 34. Rb7+ {[%clk 00:24:46]}
{[%emt 00:00:02]} Kc8 {[%clk 00:03:14]} {[%emt 00:00:33]} 35. Rxg7 {[%clk
00:24:46]} {[%emt 00:00:06]} Ne5 {[%clk 00:03:14]} {[%emt 00:00:08]} 36. Be4
{[%clk 00:23:21]} {[%emt 00:01:35]} Nbd7 {[%clk 00:03:14]} {[%emt 00:00:07]} 37.
f4 {[%clk 00:23:17]} {[%emt 00:00:14]} Nxc4 {[%clk 00:03:14]} {[%emt 00:00:09]}
38. Bg6 {[%clk 00:21:45]} {[%emt 00:01:42]} Re3 {[%clk 00:02:27]} {[%emt
00:00:55]} 39. dxc4 {[%clk 00:21:22]} {[%emt 00:00:34]} Rxg3+ {[%clk 00:02:27]}
{[%emt 00:00:08]} 40. Kf2 {[%clk 00:21:22]} {[%emt 00:00:04]} Rxa3 {[%clk
00:01:54]} {[%emt 00:00:48]} 41. Bf5 {[%clk 00:21:22]} {[%emt 00:00:04]} Ra5
{[%clk 00:00:43]} {[%emt 00:01:19]} 42. Bxd7+ {[%clk 00:20:52]} {[%emt
00:00:42]} Kd8 {[%clk 00:00:43]} {[%emt 00:00:08]} 43. Be6 {[%clk 00:20:52]}
{[%emt 00:00:08]} Ra2+ {[%clk 00:00:31]} {[%emt 00:00:22]} 44. Kf3 {[%clk
00:20:42]} {[%emt 00:00:19]} Ra3+ {[%clk 00:00:31]} {[%emt 00:00:04]} 45. Kg4
{[%clk 00:20:28]} {[%emt 00:00:23]} Re3 {[%clk 00:00:25]} {[%emt 00:00:17]} 46.
Rd7+ {[%clk 00:20:18]} {[%emt 00:00:19]} Ke8 {[%clk 00:00:25]} {[%emt
00:00:04]} 47. Bf5 {[%clk 00:20:18]} {[%emt 00:00:03]} a5 {[%clk 00:00:15]}
{[%emt 00:00:21]} 48. Rxd4 {[%clk 00:20:18]} {[%emt 00:00:03]} a4 {[%clk
00:00:15]} {[%emt 00:00:07]} 49. Re4+ {[%clk 00:20:18]} {[%emt 00:00:07]} Rxe4
{[%clk 00:00:15]} {[%emt 00:00:06]} 50. Bxe4 {[%clk 00:20:18]} {[%emt
00:00:03]} a3 {[%clk 00:00:15]} {[%emt 00:00:06]} 51. Bb1 {[%clk 00:20:13]}
{[%emt 00:00:14]} Ke7 {[%clk 00:00:15]} {[%emt 00:00:08]} 52. Ba2 {[%clk
00:20:12]} {[%emt 00:00:10]} Kd6 {[%clk 00:00:15]} {[%emt 00:00:08]} 53. f5
{[%clk 00:20:12]} {[%emt 00:00:06]} 1-0

[Event "2024 US National High School (K-12) Championship"]
[Site "Baltimore, Maryland, United States"]
[Date "2024.04.06"]
[Round "5.18"]
[White "Mou, Iris"]
[Black "Zlodorev, Alexander"]
[Result "1-0"]
[TimeControl "G/90; d10"]
[WhiteTitle "WIM"]
[WhiteFideId "30939836"]
[BlackFideId "39933202"]
[WhiteElo "2307"]
[BlackElo "2098"]

1. e4 {[%clk 01:25:19]} {[%emt 00:04:50]} e5 {[%clk 01:30:00]} {[%emt
00:00:04]} 2. Nf3 {[%emt 00:00:11]} d6 {[%clk 01:30:00]} {[%emt 00:00:02]} 3.
d4 {[%clk 01:25:17]} {[%emt 00:00:12]} exd4 {[%clk 01:30:00]} {[%emt 00:00:04]}
4. Nxd4 {[%clk 01:25:17]} {[%emt 00:00:08]} Nf6 {[%clk 01:30:00]} {[%emt
00:00:03]} 5. Nc3 {[%clk 01:25:17]} {[%emt 00:00:08]} Be7 {[%clk 01:30:00]}
{[%emt 00:00:03]} 6. g3 {[%clk 01:25:17]} {[%emt 00:00:08]} d5 {[%clk
01:30:00]} {[%emt 00:00:04]} 7. e5 {[%clk 01:25:17]} {[%emt 00:00:09]} Ng4
{[%clk 01:30:00]} {[%emt 00:00:04]} 8. Bg2 {[%clk 01:25:17]} {[%emt 00:00:07]}
Nxe5 {[%clk 01:29:49]} {[%emt 00:00:21]} 9. Qe2 {[%emt 00:00:45]} Nec6 {[%clk
01:27:50]} {[%emt 00:01:38]} 10. Be3 {[%clk 01:25:06]} {[%emt 00:00:16]} O-O
{[%clk 01:25:37]} {[%emt 00:02:24]} 11. Nxd5 {[%clk 01:24:48]} {[%emt
00:00:28]} Nxd4 {[%clk 01:25:10]} {[%emt 00:00:37]} 12. Bxd4 {[%clk 01:24:48]}
{[%emt 00:00:07]} Bd6 {[%clk 01:24:51]} {[%emt 00:00:29]} 13. O-O-O {[%clk
01:23:03]} {[%emt 00:01:55]} Nc6 {[%clk 01:24:40]} {[%emt 00:00:21]} 14. Bc3
{[%clk 01:19:51]} {[%emt 00:03:22]} a5 {[%clk 01:19:57]} {[%emt 00:04:53]} 15.
Kb1 {[%clk 01:15:27]} {[%emt 00:04:34]} Re8 {[%clk 01:15:58]} {[%emt 00:04:03]}
16. Qd2 {[%clk 01:07:30]} {[%emt 00:08:12]} Bg4 {[%emt 00:06:12]} 17. f3 {[%clk
01:04:35]} {[%emt 00:00:04]} Be6 {[%clk 01:12:58]} {[%emt 00:00:09]} 18. f4
{[%clk 01:00:38]} {[%emt 00:04:06]} Nb4 {[%clk 01:11:09]} {[%emt 00:01:59]} 19.
a3 {[%clk 00:58:36]} {[%emt 00:02:12]} Nxd5 {[%clk 01:11:00]} {[%emt 00:00:19]}
20. Bxd5 {[%clk 00:58:36]} {[%emt 00:00:10]} Bxd5 {[%clk 01:09:46]} {[%emt
00:01:24]} 21. Qxd5 {[%clk 00:58:36]} {[%emt 00:00:09]} b6 {[%clk 01:09:13]}
{[%emt 00:00:43]} 22. f5 {[%clk 00:51:02]} {[%emt 00:07:43]} Qg5 {[%clk
00:58:50]} {[%emt 00:10:33]} 23. h4 {[%clk 00:38:32]} {[%emt 00:12:40]} Qe3
{[%clk 00:58:31]} {[%emt 00:00:28]} 24. f6 {[%clk 00:32:31]} {[%emt 00:06:11]}
g6 {[%clk 00:57:37]} {[%emt 00:01:05]} 25. h5 {[%clk 00:30:35]} {[%emt
00:02:05]} g5 {[%clk 00:52:28]} {[%emt 00:05:20]} 26. Bd4 {[%clk 00:25:47]}
{[%emt 00:04:58]} Qxg3 {[%clk 00:51:28]} {[%emt 00:01:09]} 27. Rhg1 {[%clk
00:19:59]} {[%emt 00:05:58]} c6 {[%clk 00:48:13]} {[%emt 00:03:25]} 28. Qxc6
{[%clk 00:17:43]} {[%emt 00:02:27]} Qf4 {[%clk 00:47:29]} {[%emt 00:00:54]} 29.
Rgf1 {[%clk 00:16:08]} {[%emt 00:01:45]} Rac8 {[%clk 00:44:27]} {[%emt
00:03:11]} 30. Qd5 {[%clk 00:14:23]} {[%emt 00:01:55]} Qh2 {[%clk 00:44:19]}
{[%emt 00:00:18]} 31. Qxg5+ {[%clk 00:14:23]} {[%emt 00:00:06]} Kh8 {[%clk
00:43:55]} {[%emt 00:00:35]} 32. Qg7# {[%clk 00:14:23]} {[%emt 00:00:05]} 1-0

[Event "2024 US National High School (K-12) Championship"]
[Site "Baltimore, Maryland, United States"]
[Date "2024.04.06"]
[Round "5.19"]
[White "Swaminathan, Pranav"]
[Black "Reiss, Aiden"]
[Result "1/2-1/2"]
[TimeControl "G/90; d10"]
[WhiteFideId "30970482"]
[BlackFideId "30955114"]
[WhiteElo "2036"]
[BlackElo "2287"]

1. d4 {[%clk 01:30:00]} {[%emt 00:00:16]} Nf6 {[%clk 01:26:37]} {[%emt
00:03:25]} 2. c4 {[%clk 01:29:45]} {[%emt 00:00:26]} g6 {[%clk 01:26:37]}
{[%emt 00:00:02]} 3. Nc3 {[%clk 01:29:45]} {[%emt 00:00:07]} d5 {[%clk
01:26:37]} {[%emt 00:00:01]} 4. Nf3 {[%clk 01:28:37]} {[%emt 00:01:18]} Bg7
{[%clk 01:26:37]} {[%emt 00:00:04]} 5. Qb3 {[%clk 01:28:37]} {[%emt 00:00:06]}
dxc4 {[%clk 01:26:09]} {[%emt 00:00:37]} 6. Qxc4 {[%clk 01:28:37]} {[%emt
00:00:05]} O-O {[%clk 01:24:47]} {[%emt 00:01:32]} 7. e4 {[%clk 01:27:38]}
{[%emt 00:01:09]} a6 {[%clk 01:24:09]} {[%emt 00:00:47]} 8. Qb3 {[%clk
01:26:04]} {[%emt 00:01:45]} b5 {[%clk 01:23:57]} {[%emt 00:00:21]} 9. Be2
{[%clk 01:22:44]} {[%emt 00:03:31]} c5 {[%clk 01:23:57]} {[%emt 00:00:04]} 10.
dxc5 {[%clk 01:20:34]} {[%emt 00:02:19]} Bb7 {[%clk 01:23:00]} {[%emt
00:01:04]} 11. O-O {[%clk 01:18:31]} {[%emt 00:02:16]} Nxe4 {[%clk 01:19:45]}
{[%emt 00:03:24]} 12. Nxe4 {[%clk 01:17:44]} {[%emt 00:00:58]} Bxe4 {[%clk
01:19:45]} {[%emt 00:00:05]} 13. Rd1 {[%clk 01:15:20]} {[%emt 00:02:34]} Qc7
{[%clk 01:19:08]} {[%emt 00:00:47]} 14. Be3 {[%clk 01:14:06]} {[%emt 00:01:24]}
Nc6 {[%clk 01:16:57]} {[%emt 00:02:21]} 15. a4 {[%clk 01:00:04]} {[%emt
00:14:13]} Rab8 {[%clk 01:11:54]} {[%emt 00:05:14]} 16. axb5 {[%clk 00:59:31]}
{[%emt 00:00:43]} axb5 {[%clk 01:11:52]} {[%emt 00:00:11]} 17. Ra6 {[%clk
00:49:39]} {[%emt 00:10:02]} Na5 {[%clk 01:02:48]} {[%emt 00:09:14]} 18. Qb4
{[%clk 00:47:19]} {[%emt 00:02:29]} Nc4 {[%clk 01:02:38]} {[%emt 00:00:20]} 19.
Bd4 {[%clk 00:41:58]} {[%emt 00:05:31]} e5 {[%clk 00:58:51]} {[%emt 00:03:57]}
20. Bc3 {[%clk 00:40:32]} {[%emt 00:01:36]} Bb7 {[%clk 00:43:58]} {[%emt
00:15:02]} 21. Raa1 {[%clk 00:36:52]} {[%emt 00:03:51]} e4 {[%clk 00:41:52]}
{[%emt 00:02:15]} 22. Nd4 {[%clk 00:27:45]} {[%emt 00:09:18]} e3 {[%clk
00:37:41]} {[%emt 00:04:21]} 23. f3 {[%clk 00:19:02]} {[%emt 00:08:52]} Ne5
{[%clk 00:18:03]} {[%emt 00:19:48]} 24. Nxb5 {[%clk 00:15:18]} {[%emt
00:03:53]} Qe7 {[%clk 00:17:48]} {[%emt 00:00:26]} 25. Qf4 {[%clk 00:12:13]}
{[%emt 00:03:15]} Qxc5 {[%clk 00:09:59]} {[%emt 00:07:59]} 26. Bb4 {[%clk
00:10:56]} {[%emt 00:01:28]} Qc2 {[%clk 00:09:59]} {[%emt 00:00:04]} 27. Nd4
{[%clk 00:10:12]} {[%emt 00:00:54]} Qc7 {[%clk 00:08:21]} {[%emt 00:01:48]} 28.
Nb5 {[%clk 00:05:01]} {[%emt 00:05:22]} Nxf3+ {[%clk 00:05:11]} {[%emt
00:03:20]} 29. Qxf3 {[%clk 00:05:01]} {[%emt 00:00:05]} Bxf3 {[%clk 00:04:20]}
{[%emt 00:01:01]} 30. Nxc7 {[%clk 00:05:01]} {[%emt 00:00:05]} Bxe2 {[%clk
00:04:20]} {[%emt 00:00:07]} 31. Bxf8 {[%clk 00:04:46]} {[%emt 00:00:25]} Kxf8
{[%clk 00:03:41]} {[%emt 00:00:49]} 32. Re1 {[%clk 00:04:03]} {[%emt 00:00:53]}
Bc4 {[%clk 00:03:04]} {[%emt 00:00:47]} 33. Rac1 {[%clk 00:01:43]} {[%emt
00:02:30]} Rb4 {[%clk 00:03:04]} {[%emt 00:00:02]} 34. b3 {[%clk 00:01:40]}
{[%emt 00:00:13]} Bxb3 {[%clk 00:02:50]} {[%emt 00:00:23]} 35. Na6 {[%clk
00:01:06]} {[%emt 00:00:45]} Rc4 {[%clk 00:02:33]} {[%emt 00:00:27]} 36. Rb1
{[%clk 00:00:34]} {[%emt 00:00:43]} Rc3 {[%clk 00:02:19]} {[%emt 00:00:23]} 37.
Nc5 {[%clk 00:00:30]} {[%emt 00:00:14]} Bd5 {[%clk 00:01:40]} {[%emt 00:00:48]}
38. Na4 {[%clk 00:00:15]} {[%emt 00:00:27]} Rc2 {[%clk 00:01:27]} {[%emt
00:00:22]} 39. Rb8+ {[%clk 00:00:15]} {[%emt 00:00:09]} Ke7 {[%clk 00:01:27]}
{[%emt 00:00:08]} 40. Rxe3+ {[%clk 00:00:15]} {[%emt 00:00:02]} 1/2-1/2